Statistics for Serie A 2016-17 - Day 1 Scorers

Click here to take the quiz!

General Stats

  • This quiz has been taken 24 times
  • The average score is 11 of 26

Answer Stats

ClubPlayer% Correct
JuventusGonzalo Higuain
100%
AS RomaEdin Dzeko
92%
AC MilanCarlos Bacca
75%
NapoliDries Mertens
75%
AS RomaMohamed Salah
75%
TorinoAndrea Belotti
67%
LazioCiro Immobile
67%
SassuoloDomenico Berardi
58%
BolognaMattia Destro
50%
FiorentinaNikola Kalinic
50%
AS RomaDiego Perotti
42%
SampdoriaLuis Muriel
42%
JuventusSami Khedira
42%
ChievoValter Birsa
42%
LazioDanilo Cataldi
33%
PescaraGianluca Caprari
33%
CagliariMarco Borriello
33%
PescaraAhmad Benali
25%
TorinoDaniele Baselli
25%
AtalantaFranck Kessié
25%
LazioCristiano Lombardi
17%
LazioWesley Hoedt
17%
AtalantaAndrea Petagna
8%
GenoaDiego Laxalt
0%
GenoaLuca Rigoni
0%
GenoaOlivier Ntcham
0%

Score Distribution

Percentile by Number Answered

Percent of People with Each Score

Your Score History

You have not taken this quiz